Bilecik Bilecik Bilecik Bilecik Bilecik

Miami police file: The o'nell case/ (Record no. 68633)

MARC details
000 -BAŞLIK
Sabit Uzunluktaki Kontrol Alanı 00886nam a22003017a 4500
001 - KONTROL NUMARASI
Control Dosyası 0068064
003 - KONTROL NUMARASI KİMLİĞİ
Kontrol Alanı KOHA_MİRAKIL
005 - EN SON İŞLEM TARİHİ ve ZAMANI
Kontrol Alanı 20260207004737.0
007 - FİZİKSEL TANIM SABİT ALAN - GENEL BİLGİ
Sabit uzunluklu kontrol alanı ta
008 - SABİT UZUNLUKTAKİ VERİ ÖGELERİ - GENEL BİLGİ
Sabit Alan 221222b2019 tu |||gr||||#0|||1|eng |
020 ## - ISBN - ULUSLARARASI STANDART KİTAP NUMARASI
Isbn 9788853005042
040 ## - KATALOGLAMA KAYNAĞI
Özgün Kataloglama Kurumu TR-BiSEU
Kataloglama Dili tur
Çeviri Kurumu TR-BiSEU
Açıklama Kuralları rda
041 0# - DİL KODU
Metin ya da ses kaydının dil kodu eng
044 ## - YAYINLAYAN/ÜRETEN KURULUŞUN ÜLKE KODU
ISO country code tu
050 ## - SINIFLAMA ve YER NUMARASI
Sınıflama Numarası PE1119
Yer Numarası .C54 2019
100 1# - KİŞİ ADI
Yazar Adı (Kişi adı) Clemen, Gina D. B..
245 1# - ESER ADI BİLDİRİMİ
Başlık Miami police file: The o'nell case/
Sorumluluk Bildirimi Gina D. B. Clemen ; Gina D. B. Clemen.
250 ## - BASIM BİLDİRİMİ
Basım Bildirimi 5th Reprint
264 #1 - ÜRERİM, YAYIN, DAĞITIM ve TELİF BİLDİRİMİ
Yayın yeri Genoa :
Yayınlayan Black Cat
Yayın tarihi 2019
300 ## - FİZİKSEL TANIMLAMA
Sayfa, Cilt vb. 95 pages: illustrated; 19 cm. +
Birlikteki Materyal 1 CD ROM
336 ## - İÇERİK TÜRÜ
Content type term metin
Content type code txt
Source rdacontent
337 ## - MEDYA TÜRÜ
Media type term aracısız
Media type code n
Source rdamedia
338 ## - TAŞIYICI TÜRÜ
Carrier type term cilt
Carrier type code nc
Source rdacarrier
650 #0 - KONU BAŞLIĞI EK GİRİŞ - KONU TERİMİ
Konusal terim veya coğrafi ad English lietarture--fiction.
9 (RLIN) 50397
650 #0 - KONU BAŞLIĞI EK GİRİŞ - KONU TERİMİ
Konusal terim veya coğrafi ad İngiliz edebiyatı--hikaye.
9 (RLIN) 50469
907 ## - LOCAL DATA ELEMENT G, LDG (RLIN)
a Dil ve Edebiyat
942 ## - EK GİRİŞ ÖGELERİ (KOHA)
Source of classification or shelving scheme Library of Congress Classification
Koha item type Book
Holdings
Materyal Türü Kalıcı Konum Mevcut Konum Raf Yeri Sınıflandırma Kaynağı Edinim Bilgisi Ana Konular Alt Konular Yer Numarası Demirbaş Numarası Fatura Tarihi Maliyet, Alış Fiyatı Maliyet, Yenileme Fiyatı Geri Çekilme Durumu Kayıp Durumu Hasarlı Durumu Kredi için değil Kayıt Tarih Toplam Ödünçverme Son Görülme Tarihi Son Kontrol Tarihi
Book Prof. Dr. Azmi Özcan Kütüphanesi Prof. Dr. Azmi Özcan Kütüphanesi Birûni Salonu Library of Congress Classification Satın DİL VE EDEBİYAT İngiliz Dili PE1119 .C54 2019 0068064 02/02/2026 533.33 533.33         22/12/2022   06/03/2025 06/03/2025